[Event "Hull 4NCL op-C"]
[Site "Hull"]
[Date "2023.09.09"]
[Round "2"]
[White "Weller, Colin"]
[Black "Virgos Matilla, Luis"]
[Result "1-0"]
[WhiteElo "1599"]
[BlackElo "1491"]
[PlyCount "61"]
[EventDate "2023.09.08"]
[EventType "swiss"]
[EventRounds "5"]
[EventCountry "ENG"]
[SourceTitle "EXT 2024"]
[Source "ChessBase"]
[SourceDate "2023.10.10"]
[SourceVersion "1"]
[SourceVersionDate "2023.10.10"]
[SourceQuality "1"]

1. e4 e5 2. Nf3 Nc6 3. d4 exd4 4. Nxd4 Bc5 5. Be3 Qf6 6. c3 Nge7 7. Be2 d5 8. Bf3 Nxd4 9. cxd4 dxe4 10. Bxe4 Bb6 11. 0-0 c6 12. Nc3 Bf5 13. Bxf5 Nxf5 14. Ne4 Qh4 15. Qf3 Nxe3 16. fxe3 0-0 17. Nd6 Qe7 18. Nf5 Qf6 19. Kh1 Bc7 20. e4 Rae8 21. e5 Qg6 22. Qa3 Kh8 23. Qxa7 Rb8 24. Qc5 Qe6 25. b3 f6 26. exf6 Rxf6 27. Rae1 Rxf5 28. Qxf5 Qxf5 29. Rxf5 Rd8 30. Ref1 Kg8 31. Rf7 1-0

[Event "Harrogate 4NCL op-C 29th"]
[Site "Harrogate"]
[Date "2023.01.21"]
[Round "3"]
[White "Clarke, Sylvan"]
[Black "Weller, Colin"]
[Result "0-1"]
[WhiteElo "1334"]
[BlackElo "1614"]
[PlyCount "68"]
[EventDate "2023.01.20"]
[EventType "swiss"]
[EventRounds "5"]
[EventCountry "ENG"]
[SourceTitle "CBM 212 Extra"]
[Source "ChessBase"]
[SourceDate "2023.03.31"]
[SourceVersion "1"]
[SourceVersionDate "2023.03.31"]
[SourceQuality "1"]

1. e4 d6 2. Nf3 e5 3. d4 Nd7 4. dxe5 Nxe5 5. Nxe5 dxe5 6. Qxd8+ Kxd8 7. Bc4 Be6 8. Bxe6 fxe6 9. Bg5+ Nf6 10. Nd2 Bd6 11. 0-0-0 Ke7 12. Nc4 h6 13. Bxf6+ gxf6 14. Nxd6 cxd6 15. Rd2 Rhd8 16. Rhd1 Rac8 17. Rd3 Rc4 18. Re1 Rg8 19. Rg3 Rxg3 20. hxg3 Rc8 21. Rh1 Rh8 22. f4 f5 23. fxe5 dxe5 24. Rh5 Kf6 25. exf5 exf5 26. Rh4 h5 27. Ra4 a6 28. Rc4 Rh7 29. Rc8 Rg7 30. Rc3 Rd7 31. Rd3 Rxd3 32. cxd3 Kg5 33. Kd2 Kg4 34. Ke2 Kxg3 0-1

[Event "Harrogate 4NCL op-C 29th"]
[Site "Harrogate"]
[Date "2023.01.20"]
[Round "1"]
[White "Weller, Colin"]
[Black "Scorer, David M"]
[Result "1/2-1/2"]
[WhiteElo "1614"]
[BlackElo "1422"]
[PlyCount "57"]
[EventDate "2023.01.20"]
[EventType "swiss"]
[EventRounds "5"]
[EventCountry "ENG"]
[SourceTitle "CBM 212 Extra"]
[Source "ChessBase"]
[SourceDate "2023.03.31"]
[SourceVersion "1"]
[SourceVersionDate "2023.03.31"]
[SourceQuality "1"]

1. e4 c6 2. Nf3 d5 3. exd5 cxd5 4. d4 Nf6 5. c3 e6 6. Nbd2 Be7 7. Be2 Nc6 8. 0-0 0-0 9. Re1 b6 10. Bf1 Bb7 11. g3 Rc8 12. Bg2 Qc7 13. Nb3 Bd6 14. h3 Ne4 15. Be3 Ba6 16. Ng5 Nxg5 17. Bxg5 Be7 18. Bxe7 Qxe7 19. f4 Qf6 20. Qf3 g6 21. Bf1 Bxf1 22. Rxf1 Qg7 23. Rae1 b5 24. a3 Rc7 25. Re2 Rfc8 26. Re3 Qh6 27. Kg2 a6 28. Rf2 Qg7 29. h4 1/2-1/2

[Event "Harrogate 4NCL op-C 27th"]
[Site "Harrogate"]
[Date "2022.01.22"]
[Round "3"]
[White "Howe, Daniel"]
[Black "Weller, Colin"]
[Result "0-1"]
[WhiteElo "1512"]
[BlackElo "1598"]
[PlyCount "92"]
[EventDate "2022.01.21"]
[EventType "swiss"]
[EventRounds "5"]
[EventCountry "ENG"]
[SourceTitle "CBM 206 Extra"]
[Source "ChessBase"]
[SourceDate "2022.03.31"]
[SourceVersion "1"]
[SourceVersionDate "2022.03.31"]
[SourceQuality "1"]

1. e4 d6 2. d4 Nf6 3. Nc3 Nbd7 4. Nf3 e5 5. Bg5 Be7 6. Be2 h6 7. Be3 c6 8. 0-0 Qc7 9. Qd2 Ng4 10. h3 Nxe3 11. Qxe3 0-0 12. d5 c5 13. a4 a6 14. Rfb1 b6 15. Bc4 Nf6 16. Qe2 a5 17. Nb5 Qd8 18. Rd1 Bd7 19. Nc3 Qc7 20. Bb5 Rfb8 21. Rd2 Ne8 22. Rad1 f6 23. Bxd7 Qxd7 24. Nh4 Nc7 25. Nf5 Bf8 26. Qg4 Kh7 27. Nxh6 Qxg4 28. Nxg4 b5 29. b3 bxa4 30. Nxa4 Rb4 31. f3 Rab8 32. Ne3 g6 33. Nc4 R4b7 34. Nxa5 Rb5 35. Nc6 Ra8 36. Rf2 Bh6 37. Rff1 Na6 38. Nc3 Rb7 39. Ra1 Be3+ 40. Kh1 Bd4 41. Nxd4 exd4 42. Ne2 Rba7 43. Nf4 Nb4 44. Rxa7+ Rxa7 45. Rf2 Ra2 46. Ne6 d3 0-1

[Event "GBR-ch U120 op 105th"]
[Site "Hull"]
[Date "2018.08.02"]
[Round "4"]
[White "Weller, Colin"]
[Black "Hara, R Malcolm"]
[Result "0-1"]
[WhiteElo "110"]
[BlackElo "116"]
[PlyCount "83"]
[EventDate "2018.07.30"]
[EventType "swiss"]
[EventRounds "5"]
[EventCountry "ENG"]
[SourceTitle "EXT 2021"]
[Source "ChessBase"]
[SourceDate "2020.10.23"]
[SourceVersion "1"]
[SourceVersionDate "2020.10.23"]
[SourceQuality "1"]

1. e4 g6 2. d3 Bg7 3. Nf3 c5 4. Be2 d6 5. Nbd2 Nc6 6. h3 Bd7 7. a3 Nf6 8. Nf1 Qb6 9. Rb1 a5 10. Ne3 0-0 11. 0-0 Qc7 12. c4 e5 13. b3 b6 14. Nc2 Nh5 15. Nh2 Nf6 16. Ng4 Nxg4 17. hxg4 Ne7 18. Bg5 f6 19. Be3 Rf7 20. f4 f5 21. gxf5 gxf5 22. fxe5 Bxe5 23. exf5 Bxf5 24. Bf3 Raf8 25. Bg5 Be6 26. Bxe7 Qxe7 27. d4 cxd4 28. Nxd4 Bxd4+ 29. Qxd4 Qc7 30. Bd5 Bxd5 31. Qxd5 Qc5+ 32. Qxc5 dxc5 33. Rxf7 Rxf7 34. b4 Rf4 35. bxc5 bxc5 36. Rb5 Rxc4 37. Rxa5 Kf7 38. Ra8 Rc1+ 39. Kh2 c4 40. a4 c3 41. a5 c2 42. Kg3 0-1